000 00675nam a2200277Ia 4500
005 20260324140145.0
008 008 260324s9999 xx 000 0 eng d
020 _a9781315060767
037 _aEBOOK
040 _aCRL
040 _beng
040 _cCRL
041 _2eng
041 _aeng
084 _qCRL
100 _aAlberto Goetzl; Stevenson O. Moffat; Roger A. Sedjo
_91203346
245 0 _aSustainability of Temperate Forests
260 _bTaylor and Francis
260 _c1999
365 _a
365 _b290
856 _uhttp://www.taylorfrancis.com/books/9781315060767
942 _cEBOOK
999 _c1805105
_d1805105